Lesser known NFL nicknames - Statistics

General Stats
  • This quiz has been taken 18 times
  • The average score is 6 of 15
Answer Stats
Nickname Answer % Correct
The Refrigerator William Perry
100%
Minister of Defense Reggie White
92%
Nigerian Nightmare Christian Okoye
69%
Hollywood Marquise Brown
54%
Legatron Greg Zuerlein
46%
Ironhead Craig Heyward
38%
Muscle Hamster Doug Martin
38%
Crazy Legs Elroy Hirsch
38%
The Galloping Ghost Red Grange
38%
The Snake Kenny Stabler
23%
The Freak Jevon Kearse
15%
Touchdown Maker Stephen Baker
15%
Hacksaw Jack Reynolds
8%
Lights Out Shawne Merriman
8%
The Assassin Jack Tatum
0%
No matching quizzes found
Score Distribution
Percent of People with Each Score
Percentile by Number Answered
Your Score History
You have not taken this quiz